Programas ministeriales. Año 1977
Spremljeno u:
| Autor kompanije: | |
|---|---|
| Format: | Knjiga |
| Jezik: | španjolski |
| Izdano: |
Santiago
Ministerio del Interior
1977
|
| Teme: | |
| Oznake: |
Dodaj oznaku
Bez oznaka, Budi prvi tko označuje ovaj zapis!
|
MARC
| LEADER | 00000nam a2200000 a 4500 | ||
|---|---|---|---|
| 001 | UCS0724 | ||
| 003 | CL-VaPUC | ||
| 008 | 970426e19770000CL |||||||||||||||||spa|d | ||
| 082 | 0 | 4 | |a 342.064 |b PRE |2 21 |
| 110 | 2 | |a Presidencia de la República |e author |9 384549 | |
| 245 | 1 | 0 | |a Programas ministeriales. Año 1977 |
| 300 | |a 186 p | ||
| 942 | |c BK | ||
| 945 | |d 19970426 00:00:00 |a lriquelm | ||
| 260 | |a Santiago |b Ministerio del Interior |c 1977 | ||
| 650 | 0 | |a Administración pública |9 255343 | |
| 650 | 7 | |a ORGANIZACION ADMINISTRATIVA |2 CL-VaPUC |9 257438 | |
| 651 | 7 | |a CHILE |2 CL-VaPUC |9 384550 | |
| 583 | |a last modification |c 19970426 00:00:00 |k Rodrigo Vera | ||
| 999 | |c 258941 |d 258939 | ||
| 952 | |0 0 |1 0 |4 0 |6 342_064000000000000_PRE_1977 |7 0 |8 P |9 283364 |a BIBDER |b BIBDER |d 2019-11-19 |i 1835416 |o 342.064 PRE 1977 |p 1835416 |r 2023-01-25 |w 2019-11-19 |y BK |k DER | ||